MARC

Tag First Indicator Second Indicator Subfields
LEADER 00000cam a2200000 a 4500
001 in00000092040
005 20151008064130.0
007 he bm----b---
008 820607r19811981fr a bb i00000 eng d
035 |a (OCoLC)08498459 
035 |9 AAK3594AM 
040 |a TXA  |c TXA  |d UtOrBLW 
049 |a TXAI 
099 |a fiche  |a S  |a 146  |a no. 113 
245 0 0 |a Microcomputer applications in power and propulsion systems. 
264 1 |a [Neuilly-sur-Seine, France] :  |b North Atlantic Treaty Organization, Advisory Group for Aerospace Research and Development,  |c 1981. 
300 |a 158 pages :  |b illustrations ;  |c 30 cm. 
336 |a text  |b txt  |2 rdacontent 
337 |a microform  |b h  |2 rdamedia 
338 |a microfiche  |b he  |2 rdacarrier 
490 1 |a AGARD lecture series ;  |v no. 113 
500 |a "The material in this publication was assembled to support a lecture series under the sponsorship of the Propulsion and Energetics Panel and the Consultant and Exchange Programme of AGARD presented on 2-3 April 1981 in London, UK, 6-7 April 1981 at Oberpfaffenhofen, Germany and 9-10 April 1981 in Genoa, Italy." 
504 |a Includes bibliographies. 
533 |a Microfiche.  |b Neuilly sur Seine, France :  |c AGARD, NATO,  |d 1981.  |e 2 microfiches : negative, ill. ; 11 x 15 cm. 
500 |a Microform. 
650 0 |a Airborne computers. 
650 0 |a Airplanes  |x Electronic equipment. 
650 0 |a Avionics. 
650 0 |a Microcomputers. 
650 0 |a Microprocessors. 
710 2 |a North Atlantic Treaty Organization.  |b Advisory Group for Aerospace Research and Development.  |b Propulsion and Energetics Panel. 
710 2 |a North Atlantic Treaty Organization.  |b Advisory Group for Aerospace Research and Development.  |b Consultant and Exchange Programme. 
830 0 |a AGARD lecture series ;  |v no. 113. 
999 |a MARS 
999 f f |s 7909c10c-0062-311c-852c-d644cea56d0f  |i fb4ffc2c-7afd-3a80-b2c4-91a2836d57a8  |t 0 
952 f f |p normal  |a Texas A&M University  |b College Station  |c Sterling C. Evans Library  |d Evans: Microforms (3rd floor)  |t 0  |e fiche S 146 no. 113  |h Other scheme  |i microform -- microfiche  |m A14832387859 
998 f f |a fiche S 146 no. 113  |t 0  |l Evans: Microforms (3rd floor)